| 000 | 00595nam a2200193Ia 4500 | ||
|---|---|---|---|
| 003 | GCL | ||
| 008 | 140319s9999 xx 000 0 ara d | ||
| 040 |
_aGCL / _cGCL |
||
| 082 | 0 | 4 |
_a962 _bل ت |
| 100 | 1 | _aلويس عوض | |
| 245 | 1 | 0 |
_aتاريخ الفكر المصرى الحديث الفكر السياسى والاجتماعى / _cلويس عوض |
| 300 | _a305 ص | ||
| 490 |
_aكتاب الهلال _v0 |
||
| 650 | 0 | 4 | _aمصر |
| 650 | 0 | 4 | _aالاحوال الثقافية |
| 650 | 0 | 4 | _aرفاعة الطهطاوى |
| 650 | 0 | 4 | _aعبدالرحمن الجبرتى |
| 942 |
_2ddc _cBK |
||
| 999 |
_c40687 _d40687 |
||